<?xml version="1.0" encoding="UTF-8"?>
<record
    xmlns:xsi="http://www.w3.org/2001/XMLSchema-instance"
    xsi:schemaLocation="http://www.loc.gov/MARC21/slim http://www.loc.gov/standards/marcxml/schema/MARC21slim.xsd"
    xmlns="http://www.loc.gov/MARC21/slim">

  <leader>05283nam a2200529Ia 4500</leader>
  <controlfield tag="001">dia_6725</controlfield>
  <controlfield tag="003">CHAP</controlfield>
  <controlfield tag="005">20240717122240.0</controlfield>
  <controlfield tag="007">ta</controlfield>
  <controlfield tag="008">220117s2017    mx ade  rm    001 0 spa d</controlfield>
  <datafield tag="010" ind1=" " ind2=" ">
    <subfield code="a">178890</subfield>
  </datafield>
  <datafield tag="040" ind1=" " ind2=" ">
    <subfield code="c">CHAP</subfield>
    <subfield code="a">mxchpua</subfield>
  </datafield>
  <datafield tag="041" ind1="0" ind2=" ">
    <subfield code="a">spa</subfield>
    <subfield code="b">eng</subfield>
  </datafield>
  <datafield tag="090" ind1=" " ind2=" ">
    <subfield code="a">Tesis </subfield>
    <subfield code="b">E87 </subfield>
    <subfield code="c">2017</subfield>
  </datafield>
  <datafield tag="100" ind1="1" ind2="0">
    <subfield code="a">Espinosa Corredor, D&#xE1;maris Jocelyn</subfield>
  </datafield>
  <datafield tag="240" ind1="1" ind2="0">
    <subfield code="a">Study of technical and economic feasibility for the establishment of a tuna (Opuntia spp) packing center located in the municipality of Axapusco, Edo. de M&#xE9;xico.</subfield>
    <subfield code="l">Espa&#xF1;ol</subfield>
  </datafield>
  <datafield tag="245" ind1="1" ind2="0">
    <subfield code="a">Estudio de factibilidad t&#xE9;cnico-econ&#xF3;mico para el establecimiento de una empacadora de tuna (Opuntia spp.) en el municipio de Axapusco, Edo. de M&#xE9;xico /</subfield>
    <subfield code="c">D&#xE1;maris Jocelyn Espinosa Corredor y Tania Rodr&#xED;guez R&#xE1;mirez</subfield>
  </datafield>
  <datafield tag="264" ind1=" " ind2=" ">
    <subfield code="a">Chapingo, M&#xE9;xico :</subfield>
    <subfield code="b">El autor,</subfield>
    <subfield code="c">2017</subfield>
  </datafield>
  <datafield tag="300" ind1=" " ind2=" ">
    <subfield code="a">xii, 112 hojas :</subfield>
    <subfield code="b">ilustraciones, gr&#xE1;ficas, diagramas, tablas, planos +</subfield>
    <subfield code="e">1 CD-ROM</subfield>
  </datafield>
  <datafield tag="336" ind1=" " ind2=" ">
    <subfield code="2">rdacontent</subfield>
    <subfield code="a">texto</subfield>
    <subfield code="b">txt</subfield>
  </datafield>
  <datafield tag="337" ind1=" " ind2=" ">
    <subfield code="2">rdamedia</subfield>
    <subfield code="a">no mediado</subfield>
    <subfield code="b">n</subfield>
  </datafield>
  <datafield tag="338" ind1=" " ind2=" ">
    <subfield code="2">rdacarrier</subfield>
    <subfield code="a">volumen</subfield>
    <subfield code="b">nc</subfield>
  </datafield>
  <datafield tag="500" ind1=" " ind2=" ">
    <subfield code="a">El CD contiene reporte y art&#xED;culo --
Los planos est&#xE1;n contenidos en el reporte</subfield>
  </datafield>
  <datafield tag="502" ind1=" " ind2=" ">
    <subfield code="a">Formulaci&#xF3;n y Evaluaci&#xF3;n de Proyectos </subfield>
    <subfield code="b">(Ingeniero Agroindustrial) -- </subfield>
    <subfield code="c">UACh. Departamento de Ingenier&#xED;a Agroindustrial, </subfield>
    <subfield code="d">2017</subfield>
  </datafield>
  <datafield tag="504" ind1=" " ind2=" ">
    <subfield code="a">Bibliograf&#xED;a: hojas 88-92</subfield>
  </datafield>
  <datafield tag="505" ind1=" " ind2=" ">
    <subfield code="a">6 planos --
1. Plano de distribuci&#xF3;n de &#xE1;reas planta baja --
2. Plano de distribuci&#xF3;n de &#xE1;reas planta alta --
3. Dise&#xF1;o de camara frigor&#xED;fica --
4. Plano de distribuci&#xF3;n de maquinaria y equipo --
5. Plano de iluminaci&#xF3;n planta baja --
6. Diagrama de flujo</subfield>
  </datafield>
  <datafield tag="520" ind1="3" ind2=" ">
    <subfield code="a">En este estudio se eval&#xFA;an un conjunto de factores t&#xE9;cnicos, econ&#xF3;micos, sociales y ambientales para determinar la factibilidad y el riesgo de establecer una Empacadora de Tuna en el Municipio de Axapusco, Edo. De M&#xE9;xico. Para ello, se realiz&#xF3; una investigaci&#xF3;n acerca de la disponibilidad de la materia prima y un estudio de mercado, aunado a esto, se plantea una propuesta de organizaci&#xF3;n social y los montos de inversi&#xF3;n total. Axapusco es un municipio adecuado para el establecimiento de la empacadora ya que el terreno donde se prev&#xE9; ubicarla se encuentra en la zona productora de tuna, en consecuencia, las v&#xED;as de comunicaci&#xF3;n son de f&#xE1;cil acceso, y se tiene un mercado potencial en constante crecimiento. La metodolog&#xED;a utilizada fue propuesta por Razo (2017), en la cual se analizan los pilares del proyecto: diagn&#xF3;stico del &#xE1;rea, estudio de mercado y materias primas, evaluaci&#xF3;n social y administrativa, el estudio t&#xE9;cnico y de ingenier&#xED;a, el an&#xE1;lisis financiero y evaluaci&#xF3;n del impacto socio-ambiental. Los resultados obtenidos de este proyecto muestran que se necesita una inversi&#xF3;n inicial de $ 38,651, 697.56. Analizando la proyecci&#xF3;n a 10 a&#xF1;os los indicadores econ&#xF3;micos obtenidos fueron los siguiente: Tasa Interna de Retorno (TIR) 99.62 %, con un Valor Actual Neto (VAN) de $173, 213, 436.74 y una relaci&#xF3;n B/C de 1.20 </subfield>
  </datafield>
  <datafield tag="520" ind1="3" ind2=" ">
    <subfield code="a">This study evaluates a set of technical, economic, social and environmental factors to determine the feasibility and risk of establishing a tuna packer building in the municipality of Axapusco, State of Mexico. For this, an investigation was made on the availability of the raw material and a market study, together with this, a proposal of social organization and the total investment amounts. Axapusco is a suitable municipality for the establishment of the packer since the land where it is expected to be located, is in the production area of tuna, consequently, the communication ways are easily accessible, and there is a potential market in constant growth. The methodology used was proposed by Razo (2017), which analyzes the cornerstone of the project: area diagnosis, market and raw materials study, social and administrative evaluation, technical and engineering study, financial analysis and evaluation of social and enviromental impact. The results obtained from this project shown that the initial investment of $38,697,697.56 is needed. Analyzing the 10-year projection, the economic indicator obtained were as follows: Internal Rate of Return (IRR) 99.62 %, with Net Present Value (NPV) of $173, 213, 436.74 and a B/C ratio of 1.20. </subfield>
  </datafield>
  <datafield tag="650" ind1="1" ind2="3">
    <subfield code="a">Iniciativa empresarial</subfield>
    <subfield code="2">atg</subfield>
    <subfield code="z">M&#xE9;xico</subfield>
    <subfield code="z">M&#xE9;xico (Estado)  </subfield>
  </datafield>
  <datafield tag="650" ind1="1" ind2="3">
    <subfield code="a">Opuntia ficus-indica</subfield>
    <subfield code="x">Calidad del producto  </subfield>
    <subfield code="2">atg</subfield>
  </datafield>
  <datafield tag="650" ind1="1" ind2="3">
    <subfield code="a">Opuntia ficus-indica</subfield>
    <subfield code="x">Industria y comercio</subfield>
    <subfield code="2">atg</subfield>
    <subfield code="z">M&#xE9;xico  </subfield>
  </datafield>
  <datafield tag="650" ind1="1" ind2="3">
    <subfield code="a">Opuntia ficus-indica</subfield>
    <subfield code="x">Plantas empacadoras  </subfield>
    <subfield code="2">atg</subfield>
  </datafield>
  <datafield tag="650" ind1="1" ind2="3">
    <subfield code="a">Opuntia ficus-indica</subfield>
    <subfield code="x">Industry and trade</subfield>
    <subfield code="2">atg</subfield>
    <subfield code="z">Mexico</subfield>
  </datafield>
  <datafield tag="650" ind1="1" ind2="3">
    <subfield code="a">Entrepreneurship</subfield>
    <subfield code="2">atg</subfield>
    <subfield code="z">Mexico</subfield>
    <subfield code="z">Mexico (State)</subfield>
  </datafield>
  <datafield tag="650" ind1="1" ind2="3">
    <subfield code="a">Opuntia ficus-indica</subfield>
    <subfield code="x">Packing houses  </subfield>
    <subfield code="2">atg</subfield>
  </datafield>
  <datafield tag="650" ind1="1" ind2="3">
    <subfield code="a">Opuntia ficus-indica</subfield>
    <subfield code="x">Product quality</subfield>
    <subfield code="2">atg</subfield>
  </datafield>
  <datafield tag="700" ind1="1" ind2=" ">
    <subfield code="a">Rodr&#xED;guez Ram&#xED;rez, Tania</subfield>
    <subfield code="e">autora</subfield>
  </datafield>
  <datafield tag="700" ind1="1" ind2=" ">
    <subfield code="a">Razo L&#xF3;pez, Francisco</subfield>
    <subfield code="e">director</subfield>
  </datafield>
  <datafield tag="700" ind1="1" ind2=" ">
    <subfield code="a">Ascencio Rivera, J. Rogelio</subfield>
    <subfield code="e">asesor</subfield>
  </datafield>
  <datafield tag="700" ind1="1" ind2=" ">
    <subfield code="a">Mena Nev&#xE1;rez, Gustavo</subfield>
    <subfield code="e">asesor</subfield>
  </datafield>
  <datafield tag="856" ind1="4" ind2="1">
    <subfield code="u">http://10.13.5.2/tesis/sist114698.pdf</subfield>
    <subfield code="y">DESCARGAR PDF</subfield>
  </datafield>
  <datafield tag="901" ind1=" " ind2=" ">
    <subfield code="a">TESIS E87 2017</subfield>
  </datafield>
  <datafield tag="902" ind1=" " ind2=" ">
    <subfield code="a">M</subfield>
  </datafield>
  <datafield tag="905" ind1=" " ind2=" ">
    <subfield code="a">5232272017                          mx enml8223123322spa16</subfield>
  </datafield>
  <datafield tag="942" ind1=" " ind2=" ">
    <subfield code="c">TESIS</subfield>
    <subfield code="2">Clasificaci&#xF3;n Universidad Aut&#xF3;noma Chapingo</subfield>
  </datafield>
  <datafield tag="999" ind1=" " ind2=" ">
    <subfield code="c">178890</subfield>
    <subfield code="d">178890</subfield>
  </datafield>
  <datafield tag="952" ind1=" " ind2=" ">
    <subfield code="0">0</subfield>
    <subfield code="1">0</subfield>
    <subfield code="2">local</subfield>
    <subfield code="4">0</subfield>
    <subfield code="5">1</subfield>
    <subfield code="7">0</subfield>
    <subfield code="8">TESIS</subfield>
    <subfield code="a">IA_</subfield>
    <subfield code="b">IA_</subfield>
    <subfield code="d">2022-01-18</subfield>
    <subfield code="e">El autor</subfield>
    <subfield code="l">0</subfield>
    <subfield code="o">Tesis E87 2017</subfield>
    <subfield code="p">1101011197</subfield>
    <subfield code="r">2022-01-18 00:00:00</subfield>
    <subfield code="t">Ej. 2</subfield>
    <subfield code="w">2022-01-18</subfield>
    <subfield code="y">CD</subfield>
  </datafield>
  <datafield tag="952" ind1=" " ind2=" ">
    <subfield code="0">0</subfield>
    <subfield code="1">0</subfield>
    <subfield code="2">local</subfield>
    <subfield code="4">0</subfield>
    <subfield code="5">1</subfield>
    <subfield code="7">0</subfield>
    <subfield code="8">TESIS</subfield>
    <subfield code="a">IA_</subfield>
    <subfield code="b">IA_</subfield>
    <subfield code="d">2022-01-18</subfield>
    <subfield code="e">El autor</subfield>
    <subfield code="l">0</subfield>
    <subfield code="o">Tesis E87 2017</subfield>
    <subfield code="p">1101011196</subfield>
    <subfield code="r">2026-02-02 00:00:00</subfield>
    <subfield code="t">Ej. 1</subfield>
    <subfield code="w">2022-01-18</subfield>
    <subfield code="y">TESIS</subfield>
  </datafield>
  <datafield tag="952" ind1=" " ind2=" ">
    <subfield code="0">0</subfield>
    <subfield code="1">0</subfield>
    <subfield code="2">local</subfield>
    <subfield code="4">0</subfield>
    <subfield code="7">0</subfield>
    <subfield code="8">TesDigL</subfield>
    <subfield code="a">IA_</subfield>
    <subfield code="b">IA_</subfield>
    <subfield code="c">E_L</subfield>
    <subfield code="d">2024-07-17</subfield>
    <subfield code="e">El autor</subfield>
    <subfield code="l">0</subfield>
    <subfield code="p">1201011196</subfield>
    <subfield code="r">2024-07-17 00:00:00</subfield>
    <subfield code="w">2024-07-17</subfield>
    <subfield code="y">TD</subfield>
  </datafield>
</record>
